书目信息 |
| 题名: |
张太雷文集
|
|
| 作者: | 张太雷 著 | |
| 分册: | ||
| 出版信息: | 北京 人民出版社 1981.5 |
|
| 页数: | 344页 | |
| 开本: | 19cm | |
| 丛书名: | ||
| 单 册: | ||
| 中图分类: | Z124.6 | |
| 科图分类: | ||
| 主题词: | 丛书--中国 | |
| 电子资源: | ||
| ISBN: | ||
| 000 | 00516nam0 2200193 45 | |
| 001 | 0212101035 | |
| 005 | 20060911171219.79 | |
| 010 | @b精装@dCNY1.60 | |
| 091 | @a17001.78 | |
| 100 | @a20021210d1981 km y0chiy0120 ea | |
| 101 | 0 | @achi |
| 200 | 1 | @a张太雷文集@AZhang Tai Lei Wen Ji@f张太雷著@FZhang Tai Lei Zhu |
| 210 | @a北京@c人民出版社@d1981.5 | |
| 215 | @a344页@c冠图:照片@d19cm | |
| 606 | 0 | @a丛书@x中国 |
| 690 | @aZ124.6@v3 | |
| 701 | 0 | @a张太雷@4著 |
| 801 | @aCN@bTSTC@c20060911 | |
| 905 | @f1@b54165@dZ124.6@e6 | |
| 张太雷文集/张太雷著.-北京:人民出版社,1981.5 |
| 344页:冠图:照片;19cm |
| ISBN (精装):CNY1.60 |
| ● |
| 相关链接 |
|
|
|
|
正题名:张太雷文集
索取号:Z124.6/6
 
预约/预借
| 序号 | 登录号 | 条形码 | 馆藏地/架位号 | 状态 | 备注 |
| 1 | 0054164 | 202126332 | 第二样本阅览室/ [索取号:Z124.6/6] | 在馆 | |
| 2 | 0054165 | 001747872 | 密集书库/ [索取号:Z124.6/6] | 在馆 | |
| 3 | 0054166 | 202186062 | 密集书库/ [索取号:Z124.6/6] | 在馆 | |
| 4 | 0475273 | 204752730 | 密集书库/ [索取号:Z124.6/6] | 在馆 |